00889nam a22002417a 4500999001500000001000600015003000900021005001700030008004100047020001800088040003800106082002200144100001900166245005900185260004300244300008300287440002500370504005900395650003800454650001500492942001200507952012800519 c8376d837622026BD-DhUAP20240102122926.0240102b2013 bg b|||| |||| 00| 0beng d a9789845061278 aBD-DhAALbengcBD-DhAALdBD-DhUAP 223a338.95492 RAS aRashid, Salim, aCompact townships and the magical 10% /bSalim Rashid. aDhaka :bThe University Press,cc2013. axii, 104 pages :billustrations (some colors), maps (chiefly colors) ;c22 cm. aUPL monograph series aIncludes bibliographical references (pages [103]-104). aEconomic developmentzBangladesh. aEconomics. 2ddccBK 00102ddc4070aUAPCLbUAPCLcGeneral Stacksd2024-01-02o338.95492 RASp3010022026r2024-01-02t1v370.00w2024-01-02yBK